Aféry Anduly Sedláčkové

Titel: Aféry Anduly Sedláčkové : příběh života a smrti slavné české herečky, které její publikum říkalo Andula / Josef Brož
Verfasser:
Veröffentlicht: Praha : Petrklíč, 2008
Umfang: 223, [8] S. : Ill.
Format: Buch
Sprache: Tschechisch
Schlagworte:
ISBN: 9788072292042
Buchumschlag
X
Lokale Klassifikation: 2 S 3477 ; 22 15 K ; 23 15 K
alg: 20796528
001A    $03004:08-01-09 
001B    $01999:03-06-23 $t03:52:26.000 
001C    $00030:18-09-09 $t07:04:57.000 
001D    $03004:18-02-09 
001U    $0utf8 
001X    $00 
002@    $0Aau 
003@    $0207965285 
004A    $A978-80-7229-204-2 
007A    $0207965285 $aHEB 
007G    $0DE020E11E6D935094DB10C1257AD3003C8F9A 
007T    $0Herdhh207965285 
009P    $qapplication/pdf $A2 $3Inhaltsverzeichnis $uhttp://scans.hebis.de/HEBCGI/show.pl?20796528_toc.pdf $mV:DE-603;B:DE-Mb50 
010@    $acze 
011@    $a2008 
013H    $0z 
021A    $aAféry Anduly Sedláčkové $dpříběh života a smrti slavné české herečky, které její publikum říkalo Andula $hJosef Brož 
028A    $7 $8Brož, Josef [Tnd] $9156703483 
033A    $pPraha $nPetrklíč 
034D    $a223, [8] S. 
034M    $aIll. 
044K    $7138505314 $8Sedláčková, Anna$Z1887-1967 [Tp1] $9213327236 
045F    $a791.409437 $eDDC23BSB 
045F/01 $a791.409 
045F/03 $g437 
045F/03 $g4371 
046M    $aLiteraturverz. S. 213 - 217 

lok: 20796528 3
101B    $020-04-09 $t12:55:14.000 
101C    $020-04-09 
101U    $0utf8 
145S/01 $a036 
145S/06 $a930 

exp: 20796528 3 1 #EPN
201B/01 $020-04-09 $t12:55:14.000 
201C/01 $020-04-09 
201U/01 $0utf8 
203@/01 $0573754306 
208@/01 $a20-04-09 $bzAa 
209A/01 $a88.793.46 $du $f000 $h88 793 46 $x00 
209G/01 $a88793463 $x00 
247C/01 $8601000-3 <30>Frankfurt, Universitätsbibliothek J. C. Senckenberg, Zentralbibliothek (ZB) $9102598258 

lok: 20796528 24
101B    $018-02-09 $t15:37:03.000 
101C    $018-02-09 
101U    $0utf8 
145Z/01 $a2 S 3477 
145Z/02 $a22 15 K 
145Z/03 $a23 15 K 

exp: 20796528 24 1 #EPN
201B/01 $018-02-09 $t15:37:03.000 
201C/01 $008-01-09 
201U/01 $0utf8 
203@/01 $0565507257 
208@/01 $a18-02-09 $bz 
209A/01 $a08.6173 $du $f050 $h08 6173 $x00 
209C/01 $a08.6173 K $h08 6173 K 
209G/01 $a71801250 $x00 
220C/01 $akon 
247C/01 $8358050-7 Marburg, Bibliothek des Herder-Instituts Marburg $9102600961 

lok: 20796528 78

exp: 20796528 78 1 #EPN
201B/01 $026-11-17 $t00:21:04.000 
201U/01 $0utf8 
203@/01 $079369468X 
208@/01 $a12-11-16 $be 
209A/01 $a/ $f000 $x00 
220C/01 $aAnmerkung: LvP / *11 
237A/01 $aweiterführende Signatur(en): Herder-Institut: 08.6173 
244Z/01 $#Tschechien $#Tschechische Republik $#Tschechische Republik $#Tschechenland $#Tschechei Tschechien $#Česká Republika $#Czech Republic $#ČR $74303381-7 $8--Tg1--Tschechien $x01 $9086659812 
244Z/01 $2Trx $#Böhmen $#Bohemia $#Czechy $8--Trx--Čechy $x02 $9391188941 
244Z/01 $2Trx $8--Trx--Monographie $x03 $9391384546 
247C/01 $82080>Marburg/Lahn, Herder-Institut, Forschungsbibliothek, Bibliographieportal $9336309341
LEADER 00000cam a2200000 c 4500
001 207965285
003 DE-603
005 20230603035226.0
007 tu
008 090108s2008 xx |||| | u00||u|cze c
020 |a 9788072292042 
035 |a (DE-599)HEB207965285 
040 |a DE-603  |b ger  |c DE-603  |d DE-603 
041 |a cze 
082 0 4 |8 1\u  |a 791.409437  |q DE-101  |2 23/BSB 
085 |8 1\u  |b 791.409 
085 |8 1\u  |z 2  |s 437 
085 |8 1\u  |z 2  |s 4371 
100 1 |a Brož, Josef  |0 (DE-603)156703483 
245 0 0 |a Aféry Anduly Sedláčkové  |b příběh života a smrti slavné české herečky, které její publikum říkalo Andula  |c Josef Brož 
264 1 |a Praha  |b Petrklíč  |c 2008 
300 |a 223, [8] S.  |b Ill. 
504 |a Literaturverz. S. 213 - 217 
600 1 7 |a Sedláčková, Anna  |d 1887-1967  |0 (DE-588)138505314  |0 (DE-603)213327236  |2 gnd 
856 4 2 |m V:DE-603;B:DE-Mb50  |q application/pdf  |u http://scans.hebis.de/HEBCGI/show.pl?20796528_toc.pdf  |3 Inhaltsverzeichnis 
924 0 |9 30  |a (DE-603)573754306  |b DE-30  |c HES  |d c  |g 88.793.46 
924 0 |9 Mb 50  |a (DE-603)565507257  |b DE-Mb50  |c HES  |d c  |g 08.6173 
924 0 |9 2080  |a (DE-603)79369468X  |b DE-2080  |c HES  |d d  |g /